| 000 | 00754nam a2200241 a 4500 | ||
|---|---|---|---|
| 005 | 20210219150159.0 | ||
| 008 | 991125s1980 mx 000 0 spa u | ||
| 020 | _a9681801014 | ||
| 035 | _aUPN01000008949 | ||
| 049 | _aCG | ||
| 050 | 4 |
_aQA90 _bS5.38 |
|
| 100 | 1 | _aShilov, Georgi Eugen'evich | |
| 245 | 1 | 0 |
_aCómo construir gráficas / _cG. E. Shilov. |
| 260 |
_aMéxico : _bLimusa, _c[1980?]. |
||
| 300 |
_a69 p. : _bgráfs. |
||
| 440 | 0 | _aTemas matemáticos | |
| 501 | _aCon: Los problemas más sencillos de máximos y mínimos / I. P. Natanson | ||
| 650 | 4 | _aMAXIMOS Y MINIMOS | |
| 650 | 4 | _aMETODOS GRAFICOS | |
| 700 | 1 |
_aNatanson, Isidor Pavlovich, _ecoaut. |
|
| 740 | 4 | _aLos problemas más sencillos de máximos y mínimos | |
| 905 | _aLibro | ||
| 999 |
_c8949 _d8949 |
||